[Event "Sparkassen Open 2018"]
[Site "Heusenstamm"]
[Date "2018.11.25"]
[Round "6"]
[White "Euler, Gerd"]
[Black "Henrich, David"]
[Result "0-1"]
[WhiteElo "2297"]
[BlackElo "2141"]
[Annotator "NA"]
[PlyCount "168"]
[EventDate "2018.11.22"]
[EventType "swiss"]
[EventCountry "GER"]
[SourceTitle "playchess.com"]
[Source "ChessBase"]
[SourceQuality "1"]
[TimeControl "40/5400+30:1800+30"]

1. e4 {[%emt 0:01:29]} d6 {[%emt 0:00:00]} 2. d4 {[%emt 0:00:04]} Nf6 {[%emt 0:00:00]} 3. Nc3 {[%emt 0:00:03]} Nbd7 {[%emt 0:00:00]} 4. Nf3 {[%emt 0:00:03]} e5 {[%emt 0:00:00]} 5. g4 {[%emt 0:00:02] C41: Philidor Defence} (5. Bc4 Be7 6. a4 O-O 7. O-O c6 8. Re1 b6 9. h3 a6 10. Ba2 Rb8 11. Be3 b5 12. axb5 axb5 13. b4 Bb7 14. Bb3 exd4 15. Nxd4 d5 16. exd5 Bxb4 17. Bd2 cxd5 18. Ncxb5 Bxd2 19. Qxd2 {½-½ (30) Kryvoruchko,Y (2705)-Laznicka,V (2671) Brest 2018}) 5... Nxg4 {[%emt 0:01:43]} 6. Rg1 {[%emt 0:04:45]} exd4 {[%emt 0:05:11] LiveBook: 42 Games} 7. Bg5 {[%emt 0:03:24]} Be7 {[%emt 0:12:29]} (7... f6 $11 {remains equal.} 8. Nxd4 Nxf2) 8. Bxe7 {[%emt 0:00:18]} Qxe7 {[%emt 0:00:03] [#]} 9. Nd5 $1 {[%emt 0:00:06]} Qxe4+ {[%emt 0:01:19] Double Attack} 10. Qe2 {[%emt 0:00:04]} Qxe2+ {[%emt 0:01:15]} 11. Bxe2 {[%emt 0:00:09]} Kd8 {[%emt 0:18:57]} ({Predecessor:} 11... Nge5 12. Nxc7+ Kd8 13. Nxa8 {1-0 (21) Blandon Villa,D (2099)-Puche,E Barranquilla 2011}) 12. Rxg4 {[%emt 0:01:09] Double Attack} c6 {[%emt 0:05:32]} 13. Nf4 {[%emt 0:07:48]} ({Reject} 13. Rxd4 $6 cxd5 14. Rxd5 Kc7 $11) 13... g6 {[%emt 0:02:11]} 14. Nxd4 {[%emt 0:00:11]} Re8 {[%emt 0:01:11]} 15. O-O-O {[%emt 0:01:32]} Nb6 {[%emt 0:06:20]} 16. Rg3 {[%emt 0:00:53]} Re4 {[%emt 0:00:28]} 17. Rf3 {[%emt 0:20:29]} Bg4 {[%emt 0:02:33]} 18. Rg3 {[%emt 0:03:47]} Bc8 {[%emt 0:00:05]} 19. Rf3 {[%emt 0:03:20]} Bg4 {[%emt 0:01:15]} 20. Ng2 Bxf3 {[%emt 0:08:34]} 21. Bxf3 {[%emt 0:00:13]} Re5 {[%emt 0:02:44]} 22. Ne3 $15 {[%emt 0:00:03]} ({White should try} 22. Bxc6 $1 $11 bxc6 23. Nxc6+ Ke8 24. Nxe5 dxe5 25. Ne3) 22... Kc7 {[%emt 0:03:53]} 23. Ng4 {[%emt 0:00:42]} Re7 {[%emt 0:02:10]} 24. b3 {[%emt 0:00:18]} Nd7 {[%emt 0:00:39]} 25. Bg2 {[%emt 0:00:50]} Rae8 {[%emt 0:03:52]} 26. Kd2 {[%emt 0:00:06]} Re4 {[%emt 0:01:41]} 27. Bxe4 {[%emt 0:18:19]} Rxe4 {[%emt 0:00:01]} 28. Nxc6 {[%emt 0:00:18]} bxc6 {[%emt 0:00:43]} 29. Ne3 {[%emt 0:00:03]} Ne5 {[%emt 0:01:53]} 30. Rh1 {[%emt 0:01:44]} Rh4 {[%emt 0:00:40]} 31. Nf1 {[%emt 0:00:26]} Rf4 {[%emt 0:01:59]} 32. Ke2 {[%emt 0:00:22]} g5 {[%emt 0:03:01]} 33. c4 {[%emt 0:06:32]} Nf3 {[%emt 0:03:11]} 34. Ne3 {[%emt 0:01:46]} Nd4+ {[%emt 0:00:49]} 35. Kd3 {[%emt 0:00:07]} Ne6 {[%emt 0:00:47]} 36. Ke2 {[%emt 0:00:16]} Nd4+ {[%emt 0:00:18]} 37. Kd3 {[%emt 0:00:01]} Ne6 {[%emt 0:00:10]} 38. Ke2 {[%emt 0:00:05]} Rh4 {[%emt 0:03:39]} 39. f3 {[%emt 0:00:45]} Nd4+ {[%emt 0:00:38]} 40. Kf2 {[%emt 0:02:11]} Rf4 {[%emt 0:00:23]} 41. Kg2 {[%emt 0:30:05]} Nxf3 {[%emt 0:31:18]} 42. Rd1 {[%emt 0:00:59]} Nh4+ {[%emt 0:00:10]} 43. Kg1 {[%emt 0:00:05]} h5 {[%emt 0:01:18]} 44. b4 {[%emt 0:01:08]} Nf3+ {[%emt 0:01:11]} 45. Kg2 {[%emt 0:00:07]} Ne5 {[%emt 0:00:15]} 46. Rc1 {[%emt 0:02:00]} Re4 {[%emt 0:00:01]} 47. Rc3 {[%emt 0:00:07]} Ng4 {[%emt 0:01:39]} 48. Nf5 {[%emt 0:01:00]} Rf4 {[%emt 0:00:54]} 49. Ng7 {[%emt 0:00:09]} Nf6 {[%emt 0:01:28]} 50. Re3 {[%emt 0:00:08]} Kd7 {[%emt 0:00:49]} 51. Ra3 {[%emt 0:00:05]} Ke7 {[%emt 0:01:45]} 52. Ra5 {[%emt 0:00:03]} d5 {[%emt 0:00:00]} 53. h4 {[%emt 0:00:00]} gxh4 {[%emt 0:00:00]} 54. cxd5 {[%emt 0:00:00]} cxd5 {[%emt 0:00:00]} 55. Rxa7+ {[%emt 0:00:00]} Kf8 {[%emt 0:00:00]} 56. b5 {[%emt 0:00:00]} Kxg7 {[%emt 0:00:00]} 57. b6 {[%emt 0:00:00]} Rb4 {[%emt 0:00:00]} 58. b7 {[%emt 0:00:00]} Nd7 {[%emt 0:00:00]} 59. a4 {[%emt 0:00:00]} Nc5 {[%emt 0:00:00]} 60. a5 {[%emt 0:00:00]} Nxb7 {[%emt 0:00:00]} 61. Ra8 {[%emt 0:00:00]} Ra4 {[%emt 0:00:00]} 62. a6 {[%emt 0:00:00]} Nc5 {[%emt 0:00:00]} 63. a7 {[%emt 0:00:00]} Ne6 {[%emt 0:00:00]} 64. Kh3 {[%emt 0:00:00]} Nc7 {[%emt 0:00:00]} 65. Rd8 {[%emt 0:00:00]} Rxa7 {[%emt 0:00:00]} 66. Kxh4 {[%emt 0:00:00]} Kf6 {[%emt 0:00:00]} 67. Rd6+ {[%emt 0:00:00]} Ke5 {[%emt 0:00:00]} 68. Rd7 {[%emt 0:00:00]} f5 {[%emt 0:00:00]} 69. Kxh5 {[%emt 0:00:00]} d4 {[%emt 0:00:00]} 70. Kh4 {[%emt 0:00:00]} Ke4 {[%emt 0:00:00]} 71. Kg3 {[%emt 0:00:00]} Ra3+ {[%emt 0:00:00]} 72. Kf2 {[%emt 0:00:00]} Nd5 {[%emt 0:00:00]} 73. Rd8 {[%emt 0:00:00]} Ra2+ {[%emt 0:00:00]} 74. Kg3 {[%emt 0:00:00]} f4+ {[%emt 0:00:00]} 75. Kg4 {[%emt 0:00:00]} Rg2+ {[%emt 0:00:00]} 76. Kh4 {[%emt 0:00:00]} Nf6 {[%emt 0:00:00]} 77. Kh3 {[%emt 0:00:00]} Rg8 {[%emt 0:00:00]} 78. Rd6 {[%emt 0:00:00]} Kf3 {[%emt 0:00:00]} 79. Kh2 {[%emt 0:00:00]} Ng4+ {[%emt 0:00:00]} 80. Kg1 {[%emt 0:00:00]} Nf2+ {[%emt 0:00:00]} 81. Kf1 {[%emt 0:00:00]} Ra8 {[%emt 0:00:00]} 82. Ra6 {[%emt 0:00:00]} Rxa6 {[%emt 0:00:00]} 83. Kg1 {[%emt 0:00:00]} Ra1+ {[%emt 0:00:00]} 84. Kh2 {[%emt 0:00:00]} Rh1# 0-1

[Event "Sparkassen Open 2018"]
[Site "Heusenstamm"]
[Date "2018.11.25"]
[Round "6"]
[White "Bomans, Arno"]
[Black "Geske, Julian"]
[Result "1/2-1/2"]
[WhiteElo "2262"]
[BlackElo "2382"]
[Annotator "NA"]
[PlyCount "28"]
[EventDate "2018.11.22"]
[EventType "swiss"]
[EventCountry "GER"]
[SourceTitle "playchess.com"]
[Source "ChessBase"]
[SourceQuality "1"]
[TimeControl "40/5400+30:1800+30"]

{[%evp 13,24,24,20,21,35,5,10,2,12,0,24,-7,77]} 1. d4 {[%emt 0:00:28]} Nf6 {[%emt 0:00:00]} 2. Bg5 {[%emt 0:00:14]} e6 {[%emt 0:00:08]} 3. e4 {[%emt 0:00:30]} h6 {[%emt 0:00:08]} 4. Bxf6 {[%emt 0:00:31]} Qxf6 {[%emt 0:00:15]} 5. c3 {[%emt 0:00:23]} d6 {[%emt 0:00:34]} 6. Bd3 {[%emt 0:00:44]} e5 {[%emt 0:03:40]} 7. Ne2 {[%emt 0:01:21]} g6 {[%emt 0:03:18]} 8. O-O {[%emt 0:00:29]} Bg7 {[%emt 0:00:18]} 9. Nd2 {[%emt 0:01:10]} O-O {[%emt 0:00:36]} 10. f4 {[%emt 0:05:58]} Qe7 {[%emt 0:00:48]} 11. f5 {[%emt 0:03:15] LiveBook: 9 Games} exd4 {[%emt 0:12:46]} 12. fxg6 {[%emt 0:07:22]} Nc6 $16 {[%emt 0:15:42]} (12... dxc3 $11 {remains equal.} 13. Nxc3 Be6) 13. gxf7+ {[%emt 0:43:53]} Rxf7 {[%emt 0:00:45]} 14. Qb3 {[%emt 0:01:21]} Ne5 {[%emt 0:17:00]} 1/2-1/2

[Event "Sparkassen Open 2018"]
[Site "Heusenstamm"]
[Date "2018.11.25"]
[Round "6"]
[White "Hahn, Florian"]
[Black "Krastev, Alexander"]
[Result "1-0"]
[WhiteElo "2148"]
[BlackElo "2342"]
[Annotator "NA"]
[PlyCount "59"]
[EventDate "2018.11.22"]
[EventType "swiss"]
[EventCountry "GER"]
[SourceTitle "playchess.com"]
[Source "ChessBase"]
[SourceQuality "1"]
[TimeControl "40/5400+30:1800+30"]

1. Nf3 {[%emt 0:00:00]} c5 {[%emt 0:00:00]} 2. c4 {[%emt 0:00:01]} g6 {[%emt 0:00:00]} 3. g3 {[%emt 0:00:33]} Bg7 {[%emt 0:00:00]} 4. Bg2 {[%emt 0:00:21]} Nc6 {[%emt 0:00:02]} 5. Nc3 {[%emt 0:01:54]} d6 {[%emt 0:00:46]} 6. O-O {[%emt 0:00:19]} Nh6 {[%emt 0:00:09]} 7. d4 {[%emt 0:01:54]} cxd4 {[%emt 0:00:09] A37: Symmetrical English vs ...g6: 4 Bg2 Bg7 5 Nf3} (7... O-O 8. d5 Na5 9. Nd2 a6 10. Qc2 b5 11. cxb5 axb5 12. Nxb5 Ba6 13. Nc3 Nf5 14. Re1 Nd4 15. Qd1 {½-½ (26) Rakhmanov,A (2665)-Van Wely,L (2669) Zuerich 2017}) 8. Bxh6 {[%emt 0:01:27]} Bxh6 {[%emt 0:00:06]} 9. Nxd4 {[%emt 0:00:58]} Bd7 {[%emt 0:00:14]} 10. c5 {[%emt 0:02:37]} dxc5 {[%emt 0:07:02]} 11. Nxc6 {[%emt 0:00:41]} Bxc6 {[%emt 0:00:10]} 12. Bxc6+ {[%emt 0:00:18] LiveBook: 12 Games} bxc6 {[%emt 0:00:03]} 13. Qa4 {[%emt 0:00:48]} O-O {[%emt 0:02:01]} 14. Qxc6 {[%emt 0:09:18]} Qb6 $146 {[%emt 0:28:42]} ({Predecessor:} 14... Rc8 15. Qa4 {½-½ (51) Bonagura,S (2183)-Bruno,F (2408) Arco 2013}) 15. Nd5 {[%emt 0:12:07]} Qxb2 {[%emt 0:02:54]} 16. Nxe7+ {[%emt 0:05:16]} Kh8 {[%emt 0:00:36]} 17. Qxc5 {[%emt 0:10:17]} Bg7 {[%emt 0:06:17]} 18. e3 {[%emt 0:05:48]} Qxa1 {[%emt 0:13:17]} 19. Rxa1 {[%emt 0:00:16]} Bxa1 {[%emt 0:00:03]} 20. h4 {[%emt 0:04:02]} Rfd8 {[%emt 0:08:12]} 21. h5 {[%emt 0:05:02]} Bf6 {[%emt 0:06:33]} (21... Kg7 $16 {might work better.} 22. Qc4 Re8) 22. hxg6 {[%emt 0:07:02]} hxg6 {[%emt 0:01:31]} 23. Nd5 {[%emt 0:02:07]} Bg7 {[%emt 0:04:54]} 24. Qc4 {[%emt 0:07:00]} Rd7 $2 {[%emt 0:01:36] [#]} (24... Be5 $16) 25. Ne7 $18 {[%emt 0:07:08]} Rxe7 {[%emt 0:06:20]} 26. Qh4+ {[%emt 0:00:17]} Kg8 {[%emt 0:00:02]} 27. Qxe7 {[%emt 0:00:08]} a5 {[%emt 0:00:36]} 28. Qb7 {[%emt 0:06:13]} Rd8 {[%emt 0:01:26]} 29. Kg2 {[%emt 0:02:50]} a4 {[%emt 0:02:14]} 30. Qa7 {[%emt 0:00:49]} 1-0

[Event "Sparkassen Open 2018"]
[Site "Heusenstamm"]
[Date "2018.11.25"]
[Round "6"]
[White "Farmani Anosheh, Yasha"]
[Black "Khaetsky, Roman"]
[Result "1-0"]
[WhiteElo "2127"]
[BlackElo "2347"]
[Annotator "NA"]
[PlyCount "93"]
[EventDate "2018.11.22"]
[EventType "swiss"]
[EventCountry "GER"]
[SourceTitle "playchess.com"]
[Source "ChessBase"]
[SourceQuality "1"]
[TimeControl "40/5400+30:1800+30"]

1. e4 {[%emt 0:00:00]} e5 {[%emt 0:01:44]} 2. Nf3 {[%emt 0:00:00]} Nc6 {[%emt 0:00:04]} 3. Nc3 {[%emt 0:00:00]} g6 {[%emt 0:00:28]} 4. d4 {[%emt 0:18:12]} exd4 {[%emt 0:00:12]} 5. Nxd4 {[%emt 0:00:02]} Bg7 {[%emt 0:00:05]} 6. Be3 {[%emt 0:00:08]} Nge7 {[%emt 0:00:16]} 7. Qd2 {[%emt 0:01:08]} O-O {[%emt 0:00:34]} 8. O-O-O {[%emt 0:02:18]} d6 {[%emt 0:04:02] C46: 3 Nc3: Unusual Black 3rd moves} 9. h4 {[%emt 0:05:34]} h5 {[%emt 0:04:41]} 10. f3 {[%emt 0:04:25]} Ne5 {[%emt 0:00:44]} 11. Bh6 {[%emt 0:01:25] LiveBook: 5 Games} a6 {[%emt 0:02:49]} (11... b5 12. Bxg7 Kxg7 13. Bxb5 Rb8 14. g4 hxg4 15. h5 Rh8 16. f4 {1-0 (36) Kobalia,M (2651)-Mamedyarov,S (2753) Khanty-Mansiysk 2013}) 12. Be2 {[%emt 0:09:00]} b5 {[%emt 0:23:40]} 13. Bxg7 $146 {[%emt 0:15:55]} ({Predecessor:} 13. g4 c5 14. Nf5 gxf5 15. gxf5 Nxf5 16. exf5 Bxf5 {1-0 (30) Ni,H (2528)-Wu,W (2570) Hebei 2001}) 13... Kxg7 {[%emt 0:00:42]} 14. f4 {[%emt 0:00:05]} Ng4 {[%emt 0:03:04]} 15. f5 {[%emt 0:05:08]} Nf6 {[%emt 0:08:24]} 16. fxg6 {[%emt 0:10:04]} fxg6 {[%emt 0:01:03]} 17. Bf3 $18 {[%emt 0:06:11]} Bd7 {[%emt 0:15:33]} 18. Qg5 {[%emt 0:00:49]} b4 {[%emt 0:03:29]} 19. Nce2 {[%emt 0:01:27]} c5 {[%emt 0:08:04]} 20. Nf5+ {[%emt 0:00:05]} Nxf5 {[%emt 0:02:55]} 21. exf5 {[%emt 0:00:13]} Bxf5 {[%emt 0:00:05]} 22. Bxa8 {[%emt 0:00:48]} Qxa8 {[%emt 0:00:16]} 23. Ng3 {[%emt 0:05:36]} Ne4 {[%emt 0:06:15]} 24. Nxe4 {[%emt 0:08:26]} Qxe4 {[%emt 0:00:18]} 25. Qd2 {[%emt 0:00:01]} a5 {[%emt 0:05:12]} 26. Rde1 {[%emt 0:00:02]} Qc4 {[%emt 0:00:54]} 27. b3 {[%emt 0:03:10]} Qc3 {[%emt 0:03:03]} 28. Qxc3+ {[%emt 0:00:51]} bxc3 {[%emt 0:00:04]} 29. Re3 {[%emt 0:00:38]} Bg4 {[%emt 0:02:33]} 30. Rxc3 {[%emt 0:00:23]} Rf2 {[%emt 0:00:04]} 31. g3 {[%emt 0:00:09]} Kf6 {[%emt 0:00:49]} 32. Re1 {[%emt 0:00:21]} Bf5 {[%emt 0:02:13]} 33. Rd1 {[%emt 0:00:38]} Ke6 {[%emt 0:00:40]} 34. Re3+ {[%emt 0:00:37]} Kd7 {[%emt 0:00:04]} 35. Rd2 {[%emt 0:00:06]} Rf1+ {[%emt 0:00:04]} 36. Kb2 {[%emt 0:00:01]} Kc6 {[%emt 0:00:20]} 37. c4 {[%emt 0:01:48]} a4 {[%emt 0:00:49]} 38. bxa4 {[%emt 0:00:20]} Rb1+ {[%emt 0:00:13]} 39. Ka3 {[%emt 0:02:45]} Rc1 {[%emt 0:00:26]} 40. a5 {[%emt 0:00:29]} Rxc4 {[%emt 0:00:18]} 41. Rb3 {[%emt 0:01:34]} Kc7 {[%emt 0:02:18]} 42. a6 {[%emt 0:01:40]} Be4 {[%emt 0:00:09]} 43. a7 {[%emt 0:01:24]} Bc6 {[%emt 0:00:15]} 44. Kb2 {[%emt 0:00:33]} d5 {[%emt 0:01:25]} 45. Rc2 {[%emt 0:03:19]} Ra4 {[%emt 0:01:07]} 46. Rxc5 {[%emt 0:00:09]} Kd6 {[%emt 0:01:12]} 47. Rxc6+ {[%emt 0:00:53]} 1-0

[Event "Sparkassen Open 2018"]
[Site "Heusenstamm"]
[Date "2018.11.25"]
[Round "7"]
[White "Nikolov, Momchil"]
[Black "Gritsak, Orest"]
[Result "1/2-1/2"]
[WhiteElo "2560"]
[BlackElo "2457"]
[Annotator "TA"]
[PlyCount "24"]
[EventDate "2018.11.22"]
[EventType "swiss"]
[EventCountry "GER"]
[SourceTitle "playchess.com"]
[Source "ChessBase"]
[SourceQuality "1"]

{[%evp 22,23,0,0]} 1. d4 d5 2. Nf3 Nf6 3. c4 c6 4. cxd5 cxd5 5. Nc3 Nc6 6. Bf4 Bf5 7. e3 e6 8. Bd3 Bxd3 9. Qxd3 Bd6 10. Bxd6 Qxd6 11. O-O O-O 12. Rac1 {LiveBook: 381 Games} {Predecessor:} Rac8 $146 1/2-1/2

[Event "Sparkassen Open 2018"]
[Site "Heusenstamm"]
[Date "2018.11.25"]
[Round "7"]
[White "Sadzikowski, Daniel"]
[Black "Bomans, Arno"]
[Result "1/2-1/2"]
[WhiteElo "2544"]
[BlackElo "2262"]
[Annotator "TA"]
[PlyCount "125"]
[EventDate "2018.11.22"]
[EventType "swiss"]
[EventCountry "GER"]
[SourceTitle "playchess.com"]
[Source "ChessBase"]
[SourceQuality "1"]

{[%evp 12,125,44,49,44,39,45,37,151,155,155,156,182,185,200,116,112,102,112,79,83,57,68,72,77,85,85,73,82,56,62,62,62,65,54,60,60,60,51,42,61,41,58,37,40,8,8,8,8,8,16,0,0,0,12,0,0,0,25,14,40,40,86,61,122,120,150,43,64,29,45,11,33,38,40,58,82,48,47,31,42,30,53,0,5,0,58,50,79,55,31,79,89,22,30,20,39,41,41,0,47,8,8,8,8,8,8,8,8,8,12,0,0,0,0,0]} 1. e4 d6 2. d4 g6 3. Nf3 Bg7 4. Be2 e5 5. Bg5 Ne7 6. Nc3 {B06: Modern Defence} h6 7. Be3 {LiveBook: 3 Games} Nbc6 8. dxe5 {White is slightly better.} dxe5 $146 ({Predecessor:} 8... Nxe5 9. Nxe5 Bxe5 10. Qd2 Bg7 11. O-O-O Be6 12. Kb1 a6 {1-0 (46) Miles,A (2588)-Martin Del Campo C,R (2427) Yucatan 1999}) 9. Qxd8+ Kxd8 (9... Nxd8 $14 10. O-O-O Ne6) 10. O-O-O+ $16 Bd7 11. Bc4 Rf8 12. Rd3 {aiming for Rhd1.} Kc8 13. Rhd1 (13. Bc5 $18) 13... Be6 14. Bxe6+ fxe6 15. h4 b6 16. Ne2 Kb7 17. c3 Rad8 18. Rxd8 Rxd8 19. Rh1 Ng8 20. Ne1 Na5 21. Kc2 Nc4 22. Bc1 $1 Nd6 23. f3 c5 24. Nd3 c4 25. Nf2 Nf6 26. Rh3 {Hoping for Rg3.} Rg8 27. Rg3 Bf8 28. Ng4 Nxg4 29. Rxg4 h5 30. Rg3 Be7 31. Rh3 Rf8 32. Be3 a6 33. Ng3 Kc6 34. Nh1 Nb7 35. Nf2 Bc5 36. Bxc5 Nxc5 $14 {[%mdl 4096] Endgame KRN-KRN} 37. Rg3 Rf6 (37... Rg8 $14) 38. b3 b5 39. b4 ({White should try} 39. bxc4 $16 bxc4 40. Nd1) 39... Nd7 40. Kd2 Nf8 41. Ke3 Rf7 42. Rg5 Kd6 43. g3 Rf6 44. f4 Nd7 45. Ke2 Rf7 46. Nh3 Rf6 47. Nf2 Rf7 48. Ke3 (48. Kf3 $11) 48... Rf6 $1 49. a3 exf4+ 50. gxf4 {[#] Black must now prevent e5+.} e5 51. f5 Nf8 52. Nh1 (52. Nh3 $16) 52... Kd7 $1 $11 53. Ng3 Rd6 54. Ke2 Ke8 55. Nf1 Kf7 56. Ne3 Rd3 {The position is equal.} 57. Nd5 Rh3 58. fxg6+ Nxg6 59. Rxh5 Nf4+ 60. Nxf4 exf4 61. Rf5+ Ke6 62. Rxf4 Ke5 63. Rf3 {Precision: White = 53%, Black = 67%.} 1/2-1/2

[Event "Sparkassen Open 2018"]
[Site "Heusenstamm"]
[Date "2018.11.25"]
[Round "7"]
[White "Noe, Christopher"]
[Black "Pap, Misa"]
[Result "1-0"]
[WhiteElo "2529"]
[BlackElo "2473"]
[Annotator "TA"]
[PlyCount "169"]
[EventDate "2018.11.22"]
[EventType "swiss"]
[EventCountry "GER"]
[SourceTitle "playchess.com"]
[Source "ChessBase"]
[SourceQuality "1"]

{[%evp 31,169,22,33,27,68,49,62,50,64,47,42,43,45,35,35,32,34,27,31,25,45,29,33,33,120,35,94,35,108,114,108,20,89,89,89,89,113,113,146,146,146,146,146,112,146,146,146,146,146,146,146,146,189,146,146,146,146,146,146,146,146,146,268,266,246,124,197,197,197,8,8,8,64,8,23,27,64,8,64,64,64,57,229,197,196,196,234,227,317,320,324,227,306,234,346,320,836,835,684,598,514,527,29946,29944,29959,29963,29965,29966,29965,29968,29967,29970,29969,29970,29971,29968,29968,29970,29963,29967,29977,29980,29980,29981,29981,29982,29982,29983,29983,29984,29984,29985,29985,0,29986,29987,29989,29990,29990,29991]} 1. d4 f5 2. c4 Nf6 3. Nc3 g6 4. g3 Bg7 5. Bg2 O-O 6. Nf3 d6 7. O-O c6 8. d5 e5 9. dxe6 Bxe6 10. b3 Na6 11. Ng5 Qe7 12. Nxe6 Qxe6 13. Bb2 Nc5 14. Qc2 a5 {A88: Dutch Defence: Leningrad System: 5 Nf3 0-0 6 0-0 d6 7 Nc3 c6} 15. Rad1 Rad8 16. e3 Rfe8 {LiveBook: 4 Games. The position is equal.} 17. a3 h5 $146 ({Predecessor:} 17... Ng4 18. Rd2 Nf6 19. Rfd1 Rd7 20. b4 axb4 21. axb4 Nce4 22. Nxe4 Nxe4 23. Bxe4 fxe4 24. Bxg7 Kxg7 {½-½ (34) Schwenck,M (2530)-Walczak,P (2471) ICCF email 2014}) 18. b4 axb4 19. axb4 Nce4 20. Nxe4 fxe4 21. Rd2 Nh7 22. Bxg7 Kxg7 23. h4 Nf6 24. Rfd1 d5 25. b5 Rc8 26. bxc6 bxc6 27. Qc3 Kh7 {[#]} (27... Rcd8 $14) 28. Rb2 (28. Bh3 $1 $16 {[%cal Rh3e6][%mdl 512]} Ng4 (28... Qxh3 29. Qxf6) 29. Bxg4 (29. cxd5 cxd5 30. Qb2 Red8 $16) 29... Qxg4 30. Qa1) 28... Rcd8 (28... Rf8 $14) 29. Rb7+ (29. cxd5 $16 Rxd5 30. Rc1) 29... Re7 (29... Rd7 $1 $14 30. Rxd7+ Nxd7) 30. Bh3 $1 $16 {[%cal Rh3e6]} Qf7 31. Rb6 (31. Rxe7 $16 Qxe7 32. cxd5) 31... Rc7 (31... Nd7 $1 $11 {keeps the balance.} 32. Bxd7 (32. Rxc6 Ne5 $14 {[%mdl 64] Double Attack}) 32... Rexd7) 32. cxd5 Nxd5 33. Qc2 Rf8 34. Rb2 Qe7 35. Rd4 Nf6 36. Rb6 Rd8 37. Rc4 Rd6 38. Rbxc6 Rdxc6 39. Rxc6 Rxc6 40. Qxc6 Kg7 41. Be6 Qa7 42. Kg2 Qe7 43. Qb6 Kh7 44. Kf1 Kg7 45. Ke2 Kh6 46. Kd2 Ng4 (46... Kh7 $16 47. Qc6 Kh6) 47. Bxg4 $1 $18 hxg4 {[%mdl 4096] Endgame KQ-KQ} 48. Kc3 (48. Qc6 $18) 48... Qe5+ (48... Qd7 $16 {is a better defense.}) 49. Kc4 $1 Qe7 50. Qc5 $2 ({White has to play} 50. Qb8 $1 $18 {[%cal Rb8h8]} Kg7 51. Qb2+ Kh7 52. Qb5) 50... Qf7+ $1 $11 51. Kd4 {Qg5+ is the strong threat.} Qxf2 52. Qg5+ Kh7 $1 53. Qxg4 {aiming for Qf4.} Qb2+ 54. Kxe4 {Hoping for Kf3.} Qc2+ (54... Qg2+ $1 $11 55. Ke5 Qf2) 55. Kf3 $14 {And now Qd7+ would win.} Qd1+ 56. Kf4 Qd6+ $2 ({Better is} 56... Qd5 $1 $14) 57. Ke4 $18 Qc6+ 58. Kd3 $1 Qa6+ 59. Kd2 $1 Qa5+ 60. Ke2 Qa2+ 61. Ke1 Qd5 62. Kf2 Qd2+ {[#]} (62... Qf7+ {was called for.} 63. Qf4 Qd5) 63. Qe2 $1 {[%cal Re2d2]} Qd5 $2 (63... Qd7 64. e4 Qd4+ 65. Kf3 Qc3+ 66. Qe3 Qe5) 64. e4 Qe5 65. Kg2 Kg7 66. Kh3 Kh7 67. Qg4 Qd6 {[#]} 68. h5 $1 gxh5 69. Qxh5+ Kg7 70. Qg5+ Kh7 71. Qf5+ Kg7 72. e5 Qd5 73. Qg5+ Kf7 74. Qf6+ Ke8 75. Qg6+ Ke7 {[#]} 76. Qd6+ $1 Qxd6 77. exd6+ Kxd6 {KP-K} 78. Kg4 Ke6 79. Kg5 Kf7 80. Kh6 Kg8 81. g4 {[%cal Bg3g4,Bg4g5,Bg5g6][%mdl 32]} Kh8 82. g5 Kg8 83. Kg6 {White mates.} Kh8 84. Kf7 Kh7 85. g6+ {Accuracy: White = 64%, Black = 37%.} 1-0

[Event "Sparkassen Open 2018"]
[Site "Heusenstamm"]
[Date "2018.11.25"]
[Round "7"]
[White "Enchev, Ivajlo"]
[Black "Koellner, Christof"]
[Result "1-0"]
[WhiteElo "2496"]
[BlackElo "2105"]
[Annotator "TA"]
[PlyCount "109"]
[EventDate "2018.11.22"]
[EventType "swiss"]
[EventCountry "GER"]
[SourceTitle "playchess.com"]
[Source "ChessBase"]
[SourceQuality "1"]

{[%evp 21,109,48,69,62,56,46,58,62,107,89,131,114,102,2,85,97,80,87,94,82,141,126,138,112,229,220,207,199,185,203,267,257,254,222,293,293,345,339,330,245,222,24,685,681,682,669,637,491,418,373,421,433,409,195,264,154,221,202,230,231,747,747,745,745,740,740,719,707,692,652,29966,29966,29967,29969,29968,29969,29970,29971,29971,29972,29969,29970,29970,29972,29969,29968,29975,29975,29975,29975]} 1. Nf3 d6 2. d4 Nf6 3. g3 g6 4. Bg2 Bg7 5. O-O O-O 6. c4 c6 7. Nc3 Qc7 8. e4 e5 9. h3 Re8 10. Be3 Nbd7 11. Qc2 a6 {LiveBook: 6 Games} 12. Rac1 {E69: King's Indian: Fianchetto: 6...Nbd7 7 0-0 e5 8 e4 c6 9 h3} (12. Rfe1 Nf8 13. d5 c5 {½-½ (13) Dezelin,M (2261)-Jevdjovic,M (2290) Kragujevac 2015}) 12... Qb8 $146 ({Predecessor:} 12... Rb8 13. dxe5 dxe5 14. c5 Nf8 15. Rfd1 Be6 16. Na4 Rbd8 17. b3 h6 18. Nb6 g5 {½-½ (81) Makarenko,A (2026)-Beldyugin,A (2121) Voronezh 2016}) 13. b4 b5 14. c5 {White is slightly better.} dxc5 15. bxc5 Bf8 16. dxe5 Nxe5 17. Bd4 (17. Nxe5 $16 Qxe5 18. Rfd1 (18. f4 Qh5 $11)) 17... Nfd7 (17... Nxf3+ $1 $11 {keeps the balance.} 18. Bxf3 Nd7) 18. Nxe5 $16 Rxe5 19. Bxe5 Qxe5 20. f4 Qd4+ (20... Qc7 $142) 21. Kh2 Nxc5 22. Rfd1 Qc4 (22... Qe3 $16 {was worth a try.}) 23. Qd2 $1 $18 Qe6 24. e5 $1 Bb7 25. Ne2 Re8 26. Nd4 Qc8 27. Qa5 Be7 28. Qb6 Na4 29. Qa7 Ba3 30. Nxc6 Bxc1 {[#]} 31. Rxc1 $2 (31. Rd8 $1 $18 {[%mdl 512]} Rxd8 32. Ne7+ Kg7 33. Nxc8 Bxc8 34. Qc7 {[%mdl 64] Double Attack}) 31... Qa8 $2 {[%mdl 8192]} (31... Qc7 $11) 32. Qd4 Bxc6 33. Rxc6 Qd8 34. Rd6 Qa5 35. Qa7 Qc3 36. Qxa6 Qc4 37. Qa5 (37. Rc6 $142 Qd3 38. Qb7) 37... Rc8 (37... Nc5 {is a better defense.} 38. Qc7 Qb4) 38. Rd2 (38. Qd2 $18 {Threatens to win with f5!} Qc2 39. Rd8+ Kg7 40. Qd6 Rxd8 41. Qf6+ {[%mdl 64] Zwischenzug} (41. Qxd8 Qxa2 42. Qf6+ Kg8 $14) 41... Kh6 42. Qxd8) 38... Nc3 (38... Nc5 $16 39. Bd5 (39. Rd8+ Rxd8 40. Qxd8+ Kg7 $16) 39... Qc1) 39. Qa6 h5 {[#]} 40. h4 $1 Kg7 $2 {[#]} (40... Rf8 41. a3 Ne4 42. Bxe4 Qxe4 43. Qxb5 Ra8) 41. f5 $1 {[%mdl 512]} gxf5 42. Qf6+ {[%mdl 64] Double Attack} Kg8 43. Qg5+ {[%mdl 64] Double Attack} Kf8 44. Qxf5 Qg4 45. Qf6 Re8 46. e6 {[%csl Ge6][%cal Rf6f7] White mates.} Qg7 {[#]} 47. e7+ $1 {[%mdl 512]} Kg8 (47... Rxe7 48. Rd8+) 48. Qf5 f6 49. Rd8 Qxe7 50. Qg6+ Kf8 51. Rxe8+ {[%mdl 64] Overworked Piece} Qxe8 52. Qxf6+ {[%mdl 64] Double Attack} Qf7 53. Qxc3 Qxa2 54. Qc5+ Kg7 55. Qxb5 {Accuracy: White = 65%, Black = 34%.} 1-0